Olympischer Medaillenspiegel - Seoul 1988 - Statistiken

Allgemein
  • Dieses Quiz wurde 22 mal gespielt
  • Das Durchschnittsergebnis liegt bei 8 aus 10
Antwortstatistiken
Gold Silber Bronze Gesamt Land % Korrekt
37 35 30 102 DDR
100%
36 31 27 94 Vereinigte Staaten
100%
11 14 15 40 Westdeutschland
100%
5 11 12 28 China
95%
55 31 46 132 Sowjetunion
86%
12 10 11 33 Südkorea
76%
5 10 9 24 Großbritannien
62%
10 12 13 35 Bulgarien
52%
7 11 6 24 Rumänien
52%
11 6 6 23 Ungarn
48%
Keine übereinstimmenden Quizze gefunden
Verteilung der Resultate
Anzahl Personen mit jedem Resultat
Perzentil nach korrekt beantworteten Fragen
Ihre Resultats-Entwicklung
Sie haben dieses Quiz noch nicht gespielt